PHARMACOGNOSY - I (G T U ) (Record no. 5919)

MARC details
000 -LEADER
fixed length control field 00386nam a22001577a 4500
005 - DATE AND TIME OF LATEST TRANSACTION
control field 20190603111818.0
008 - FIXED-LENGTH DATA ELEMENTS--GENERAL INFORMATION
fixed length control field 190603b xxu||||| |||| 00| 0 eng d
020 ## - INTERNATIONAL STANDARD BOOK NUMBER
ISBN 938694-387-5
041 ## - LANGUAGE CODE
Language code of text/sound track or separate title eng
100 ## - MAIN ENTRY--AUTHOR NAME
Personal name KOKATE, C.K. AND OTHERS
245 ## - TITLE STATEMENT
Title PHARMACOGNOSY - I (G T U )
250 ## - EDITION STATEMENT
Edition statement 9 th Ed.
260 ## - PUBLICATION, DISTRIBUTION, ETC. (IMPRINT)
Place of publication PUNE
Name of publisher NIRALI PRAKASHAN
300 ## - PHYSICAL DESCRIPTION
Number of Pages I-4 p,
942 ## - ADDED ENTRY ELEMENTS (KOHA)
Koha item type Books

No items available.